| 000 | 00712nam a2200205Ii 4500 | ||
|---|---|---|---|
| 003 | JO-AjNU | ||
| 008 | 230605s9999||||xx |||||||||||||| ||und|| | ||
| 040 |
_aJO-AjNU _bara _erda _cJO-AjNU |
||
| 041 | _aara | ||
| 050 | 1 | 4 | _aDs38.2 1961 |
| 100 | 3 |
_aتاليف عطية، ادوارد؛ ترجمة البقلى، محمد قنديل؛ مراجعة نجا، محمد مامون, _eauthor _938759 |
|
| 245 | 0 | 0 | _aالعرب |
| 250 | _aط1 | ||
| 264 | 3 | 1 | _aالقااهرة: الدار العربية لطباعة والنشر، 1961 |
| 300 | _a238ص | ||
| 336 |
_atext _btxt _2rdacontent |
||
| 337 |
_aunmediated _bn _2rdamedia |
||
| 338 |
_avolume _bnc _2rdacarrier |
||
| 650 | 4 |
_aالعرب- تاريخ _938760 |
|
| 999 |
_aA16311 _c19879 _d19879 |
||